Central Library OPAC University of Rajshahi

বাংলার নট-নটী / (Record no. 71559)

MARC details
000 -LEADER
fixed length control field 00982nam a2200253 a 4500
001 - CONTROL NUMBER
control field 71559
003 - CONTROL NUMBER IDENTIFIER
rucl marc code BD-RjUL
005 - DATE AND TIME OF LATEST TRANSACTION
control field 20211209082129.0
008 - FIXED-LENGTH DATA ELEMENTS--GENERAL INFORMATION
fixed length control field 170504s1990 ii ao||| |||| 00| 0 ben d
020 ## - INTERNATIONAL STANDARD BOOK NUMBER
Terms of availability : IRs. 35.00 (V-1)
Terms of availability : IRs. 75.00 (V-2)
035 ## - SYSTEM CONTROL NUMBER
System control number (BD-RjUL)71775
040 ## - CATALOGING SOURCE
Original cataloging agency BD-RjUL
Language of cataloging ben
Transcribing agency BD-RjUL
041 ## - LANGUAGE CODE
Language code of text/sound track or separate title ben
082 ## - DEWEY DECIMAL CLASSIFICATION NUMBER
Edition number 23
Classification number 891.44209
Author mark and year GUB V-1-2 1985-1990
100 1# - MAIN ENTRY--PERSONAL NAME
Personal name গুপ্ত, দেবনারায়ণ
9 (RLIN) 211745
245 10 - TITLE STATEMENT
Title বাংলার নট-নটী /
Statement of responsibility, etc. দেবনারায়ণ গুপ্ত
260 ## - PUBLICATION, DISTRIBUTION, ETC. (IMPRINT)
Place of publication, distribution, etc. কলিকাতা :
Name of publisher, distributor, etc. সাহিত্যলোক,
Date of publication, distribution, etc. ১৯৮৫-১৯৯০
300 ## - PHYSICAL DESCRIPTION
Pagination ২ খন্ড. :
Illustrations চিত্র ;
Size ২১ সেমি.
505 ## - FORMATTED CONTENTS NOTE
Formatted contents note খন্ড. ১-- খন্ড. ২
650 ## - SUBJECT ADDED ENTRY--TOPICAL TERM
Topical term or geographic name as entry element বাংলা নাটক
General subdivision ইতিহাস ও সমালোচনা
9 (RLIN) 123674
Topical term or geographic name as entry element Bengali drama
General subdivision History & Criticism
9 (RLIN) 127231
942 ## - ADDED ENTRY ELEMENTS (KOHA)
Source of classification or shelving scheme Dewey Decimal Classification
Koha item type Books
Holdings
Lost status Source of classification or shelving scheme Damaged status Not for loan Collection code Permanent Location Current Location Shelving location Date acquired Source of acquisition Cost, normal purchase price Total Checkouts Full call number Date last seen Copy number Koha item type Date checked out
  Dewey Decimal Classification   Not For Loan Non-fiction Central Library, University of Rajshahi Central Library, University of Rajshahi Reading Room 18/10/2005 Dhaka, Paragan Enterprises ltd. 110.00   B 891.44209 GUB V-2 1990 04/05/2017 C-1 Books  
  Dewey Decimal Classification   Not For Loan Fiction Central Library, University of Rajshahi Central Library, University of Rajshahi Reading Room 16/10/2005 Dhaka, Paragon Enterprises 110.00   B 891.44209 GUB V-1 1985 30/09/2019 C-1 Books  
  Dewey Decimal Classification     Fiction Central Library, University of Rajshahi Central Library, University of Rajshahi   18/10/2005 Dhaka, Paragon Enterprises Ltd. 110.00 1 B 891.44209 GUB V-2 1990 30/10/2023 C-2 Books 05/09/2023